00912naa a22002177a 4500003000400000005001700004008004100021040000800062080000800070100020200078245009800280260001000378500002600388650002600414650002500440655003000465711007300495773009800568942001300666999001500679BPK20160303093053.0160303b1983 pl ||||| |||| 10| 0 pol  cBPK a691 d1969 - 1992.aMARCINKOWSKI, Stefan.bWyższa Szkoła Inżynierska w Koszalinie - Wydział Inżynierii Lądowej i Sanitarnej,cZakład Podstaw Budownictwa i Technologii Materiałów Budowlanych aMożliwości wykorzystania odpadów elektrownianych w budownictwie /cStefan Marcinkowski. c1983. aDane z kartoteki bpp. 0aMateriały budowlane. 0aOdpady przemysłowe. 0aMateriały konferencyjne. aSympozjum Instytutu Techniki Budowlanejd(1983 ;cWarszawa, Polska). iW :tMateriały Sympozjum Instytutu Techniki Budowlanej. T. 2. -dWarszawa, 1983. -gs. 42-54 cART2UKD c7435d7435